Loading...
| Literature - British Literature | 0 | 7 | 0 | 1 | 70 | 68 | 96.43 | 0 | 5 |
| Literature - European Literature | 0 | 7 | 0 | 0 | 70 | 34 | 62.57 | 4 | 6 |
| Literature - World Literature | 0 | 6 | 0 | 0 | 60 | 52 | 77.50 | 2 | 4 |
| Literature - American Literature | 0 | 4 | 2 | 0 | 30 | 51 | 73.25 | 1 | 3 |
| Mythology | 0 | 2 | 0 | 0 | 20 | 70 | 72.00 | 0 | 1 |
| Social Science | 0 | 1 | 0 | 0 | 10 | 57 | 57.00 | 0 | 1 |
| Fine Arts - Classical Music | 0 | 1 | 0 | 0 | 10 | 90 | 90.00 | 0 | 0 |
| History - Other History | 0 | 1 | 0 | 0 | 10 | 57 | 57.00 | 0 | 1 |
| Current Events | 0 | 1 | 0 | 0 | 10 | 45 | 45.00 | 1 | 1 |
| Painting/Sculpture | 0 | 1 | 0 | 0 | 10 | 49 | 49.00 | 1 | 1 |
| Philosophy | 0 | 1 | 0 | 0 | 10 | 51 | 51.00 | 0 | 1 |
| Religion | 0 | 2 | 2 | 0 | 10 | 78 | 92.50 | 0 | 1 |
| Science - Physics | 0 | 1 | 0 | 0 | 10 | 28 | 28.00 | 0 | 1 |
| Fine Arts - Other Fine Arts | 0 | 1 | 1 | 0 | 5 | 63 | 63.00 | 1 | 1 |